00739nam a2200205 i 450000100060000000300090000600500170001500700030003200800410003510000420007624500610011825000150017926000600019430000300025449000360028483000440032085200310036499900170039595201210041229551ES-MaACL20230906154042.0t|030122s1941 sp ||||1| spa d1 aBarcía Goyanes, Juan José.92554514aLos tumores cerebrales / cJuan José Barcía Goyanes. a[1ª ed.]. aBarcelona : bSalvat, c1941 (fImp. Hispano-Americana) a142 p. : bil. ; c23 cm.1 aManuales de medicina práctica0 aManuales de medicina práctica9181070 aES-MaACLjE-1118 bR.22057 c29551d29551 00104070aATENEOMbATENEOMcDEPO2d2008-01-17eSCl0oE-1118p1030507r2023-02-23 00:00:00w2023-02-23yMONOGRAFIA